O complexo da Amaz onia : analise do processo de desenvolvimento /

Saved in:
Bibliographic Details
Main Author: Batista, Djalma
Format: Book
Language:Portuguese
Published: [Rio de Janeiro] : Conquista, [1976]
Series:Colec~ao Temas brasileiros ; v. 20
Subjects:
LEADER 01158nam a2200277 i 4500
001 c000144871
003 CARM
005 00000000000000.0
008 770225s1976 bl a b 00010 por
019 1 |a 876758  |5 LACONCORD2021 
020 |c Cr$90.00 
035 |a (OCoLC)2815738  |5 LACONCORD2021 
043 |a s-bl---  |a sa----- 
050 0 0 |a HC188.A5  |b B37 
100 1 |a Batista, Djalma. 
245 1 2 |a O complexo da Amaz onia :  |b analise do processo de desenvolvimento /  |c Djalma Batista ; [ilustrac~oes de texto de Israel Cysneiros, Percy Lau e Renato Silva]. 
260 |a [Rio de Janeiro] :  |b Conquista,  |c [1976] 
300 |a 292 p. :  |b ill. ;  |c 24 cm. 
490 0 |a Colec~ao Temas brasileiros ; v. 20 
504 |a Includes bibliographical references. 
650 0 |a Natural resources  |z Amazon River Valley. 
651 0 |a Amazon River Valley  |x Economic conditions. 
651 0 |a Amazon River Valley  |x Description and travel. 
852 8 |b CARM  |h A2:AF37F0  |i C01203  |p 0069270  |f BK 
999 f f |i 6b4c94f8-c07b-52ac-8d00-4f1791d745ec  |s d40c3ee8-aac6-5bbf-8dea-343e53b7b116 
952 f f |p Can circulate  |a CAVAL  |b CAVAL  |c CAVAL  |d CARM 1 Store  |e C01203  |f A2:AF37F0  |h Other scheme  |i book  |m 0069270